Statistics for Retro Stages in Super Smash Bros.

Click here to take the quiz!

General Stats

  • This quiz has been taken 28 times
  • The average score is 20 of 35

Answer Stats

Original GameStage% Correct
Smash 64Dream Land
85%
Smash 64Peach’s Castle
85%
BrawlBridge of Eldin
77%
MeleeCorneria
77%
Smash 64Hyrule Castle
77%
MeleeTemple
77%
Smash 64Kongo Jungle
69%
BrawlMushroom Kingdom
69%
MeleePokémon Stadium
69%
BrawlPokémon Stadium 2
69%
Brawl | Melee | Smash 64Yoshi’s Island
69%
MeleeBrinstar
62%
BrawlLuigi’s Mansion
62%
MeleeOnett
62%
MeleeRainbow Cruise
62%
Brawl75m
54%
MeleeGreen Greens
54%
BrawlGreen Hill Zone
54%
BrawlHalberd
54%
MeleeJungle Japes
54%
BrawlLylat Cruise
54%
BrawlPirate Ship
54%
BrawlWarioWare Inc.
54%
MeleeBig Blue
46%
BrawlDelfino Plaza
46%
BrawlFlat Zone 2
46%
BrawlMario Circuit
46%
BrawlNorfair
46%
BrawlSkyworld
46%
BrawlCastle Siege
31%
BrawlPort Town Aero Dive
31%
BrawlDistant Planet
23%
BrawlSmashville
15%

Score Distribution

Percentile by Number Answered

Percent of People with Each Score

Your Score History

You have not taken this quiz